Country by Outline III Quiz Stats

 Plays Quiz Updated Dec 28, 2011

Challenge
Share
Tweet
Score 0/24 Timer 05:00
1 Play Today
Country % Correct
Chile
92.1%
Egypt
84.1%
Russia
79.2%
South Africa
77.9%
Spain
75.9%
Madagascar
63.6%
Austria
62.7%
Denmark
55.6%
Myanmar
51.9%
Pakistan
46.7%
Ukraine
45.6%
Yemen
43.3%
Country % Correct
Afghanistan
40.2%
Benin
38.2%
Democratic Republic of Congo
36%
Venezuela
35.3%
Kyrgyzstan
27%
Tunisia
26.8%
Bosnia & Herzegovina
26.7%
North Korea
24.8%
Zimbabwe
24.3%
Georgia
22.1%
Lebanon
18.8%
Nicaragua
18%

You're not logged in!

Compare scores with friends on all Sporcle quizzes.
Join for Free
OR
Log In

You Might Also Like...

Show Comments

Extras

Top Quizzes Today


Score Distribution

Your Account Isn't Verified!

In order to create a playlist on Sporcle, you need to verify the email address you used during registration. Go to your Sporcle Settings to finish the process.

Report this User

Report this user for behavior that violates our Community Guidelines.

Details: